| Tag |
First Indicator |
Second Indicator |
Subfields |
| LEADER |
00000cam a2200000La 4500 |
| 001 |
in00001573413 |
| 005 |
20220103181410.0 |
| 006 |
m u |
| 007 |
cr cn- |
| 008 |
001008s1998 onca sb 001 0 eng d |
| 010 |
|
|
|z 98180293
|
| 020 |
|
|
|a 0585112940 (electronic bk.) :
|c $20.00
|
| 020 |
|
|
|z 0919123813
|
| 035 |
|
|
|a (OCoLC)ocm44961838
|
| 040 |
|
|
|a N$T
|c N$T
|d OCL
|d UtOrBLW
|
| 049 |
|
|
|a IKMN
|
| 050 |
1 |
4 |
|a BF173
|b S525 1998eb
|
| 082 |
0 |
4 |
|a 150.19/54
|2 21
|
| 100 |
1 |
|
|a Sharp, Daryl,
|d 1936-
|0 http://id.loc.gov/authorities/names/n80163345
|
| 245 |
1 |
0 |
|a Jungian psychology unplugged :
|b my life as an elephant /
|c Daryl Sharp.
|
| 264 |
|
1 |
|a Toronto, Ont. :
|b Inner City Books,
|c [1998]
|
| 264 |
|
4 |
|c ©1998
|
| 300 |
|
|
|a 160 pages :
|b illustrations ;
|c 22 cm.
|
| 336 |
|
|
|a text
|b txt
|2 rdacontent
|
| 337 |
|
|
|a computer
|b c
|2 rdamedia
|
| 338 |
|
|
|a online resource
|b cr
|2 rdacarrier
|
| 490 |
1 |
|
|a Studies in Jungian psychology by Jungian analysts ;
|v 80
|
| 504 |
|
|
|a Includes bibliographical references (pages 154-155) and index.
|
| 533 |
|
|
|a Electronic reproduction.
|b Boulder, Colo. :
|c NetLibrary,
|d 2000.
|n Available via the World Wide Web.
|n Available in multiple electronic file formats.
|n Access may be limited to NetLibrary affiliated libraries.
|
| 500 |
|
|
|a Electronic resource.
|
| 600 |
1 |
0 |
|a Jung, C. G.
|q (Carl Gustav),
|d 1875-1961.
|0 http://id.loc.gov/authorities/names/n79003358
|
| 650 |
|
0 |
|a Psychoanalysis.
|0 http://id.loc.gov/authorities/subjects/sh85108411
|
| 655 |
|
7 |
|a Electronic books.
|2 local
|
| 710 |
2 |
|
|a NetLibrary, Inc.
|0 http://id.loc.gov/authorities/names/no99080690
|
| 776 |
1 |
|
|c Original
|w (DLC) 98180293
|
| 830 |
|
0 |
|a Studies in Jungian psychology by Jungian analysts ;
|v 80.
|0 http://id.loc.gov/authorities/names/n93060461
|
| 856 |
4 |
1 |
|u https://proxy.library.tamu.edu/login?url=http://www.netLibrary.com/urlapi.asp?action=summary&v=1&bookid=20431
|z Connect to the full text of this electronic book
|t 0
|
| 994 |
|
|
|a 92
|b IKM
|
| 999 |
|
|
|a MARS
|
| 999 |
f |
f |
|s 68ee88ba-d94f-30dc-b274-250bb3812ca9
|i f1b5610b-eb65-3bdd-be46-b8d921786593
|t 0
|
| 952 |
f |
f |
|a Texas A&M University
|b College Station
|c Electronic Resources
|d Available Online
|t 0
|e BF173 S525 1998eb
|h Library of Congress classification
|
| 998 |
f |
f |
|a BF173 S525 1998eb
|t 0
|l Available Online
|